[Event "Montigny le Bretonneux op 25th"]
[Site "Montigny le Bretonneux"]
[Date "2023.05.21"]
[Round "8"]
[White "Durez, Gerard"]
[Black "Couradin, Bruno"]
[Result "1-0"]
[WhiteElo "1379"]
[BlackElo "1343"]
[PlyCount "93"]
[EventDate "2023.05.18"]
[EventType "swiss"]
[EventRounds "9"]
[EventCountry "FRA"]
[SourceTitle "CBM 214 Extra"]
[Source "ChessBase"]
[SourceDate "2023.07.31"]
[SourceVersion "1"]
[SourceVersionDate "2023.07.31"]
[SourceQuality "1"]

1. d4 d5 2. Bf4 Nc6 3. e3 Nf6 4. Be2 Bf5 5. a3 e6 6. Nd2 Bd6 7. Bg5 h6 8. Bh4 Be7 9. c4 Ne4 10. Bxe7 Qxe7 11. cxd5 exd5 12. Ngf3 0-0 13. 0-0 a6 14. Rc1 Rfe8 15. Qb3 Rab8 16. Qxd5 Qe6 17. Qxe6 Rxe6 18. d5 Rd6 19. Nxe4 Bxe4 20. dxc6 Bxc6 21. Nd4 Rbd8 22. Nxc6 Rxc6 23. Rxc6 bxc6 24. Bf3 Rd6 25. Rc1 Rd2 26. Rb1 c5 27. g3 c4 28. Kg2 c5 29. a4 f6 30. a5 Kf7 31. Bb7 Rd6 32. Rc1 Rd2 33. Rxc4 Rxb2 34. Bxa6 Ra2 35. Rxc5 Ke6 36. Bb7 Kd6 37. Rb5 Kc7 38. a6 g6 39. Rb3 Kb8 40. Rd3 Ka7 41. Rd6 Rb2 42. Rxf6 Rb6 43. Rxb6 Kxb6 44. Kf3 Ka7 45. Ke4 Kb6 46. Kd5 Ka7 47. e4 1-0

[Event "Montigny le Bretonneux op 25th"]
[Site "Montigny le Bretonneux"]
[Date "2023.05.18"]
[Round "3"]
[White "Tanchoux, Pierre"]
[Black "Durez, Gerard"]
[Result "0-1"]
[WhiteElo "1236"]
[BlackElo "1379"]
[PlyCount "90"]
[EventDate "2023.05.18"]
[EventType "swiss"]
[EventRounds "9"]
[EventCountry "FRA"]
[SourceTitle "CBM 214 Extra"]
[Source "ChessBase"]
[SourceDate "2023.07.31"]
[SourceVersion "1"]
[SourceVersionDate "2023.07.31"]
[SourceQuality "1"]

1. d4 Nf6 2. Nf3 e6 3. e3 Be7 4. Bd3 c5 5. c3 cxd4 6. cxd4 Nc6 7. a3 d5 8. 0-0 Bd7 9. Nc3 a6 10. Ne5 Rc8 11. b4 0-0 12. Bb2 b5 13. Rc1 Ne8 14. Qc2 f5 15. f4 Nd6 16. Qe2 Be8 17. Qd1 Rf6 18. Be2 Rh6 19. Qe1 Nxe5 20. fxe5 Nc4 21. Bxc4 bxc4 22. Rc2 Bh4 23. g3 Be7 24. Bc1 Rg6 25. Rg2 Rb8 26. Rff2 a5 27. Na2 axb4 28. axb4 Ra8 29. Rf4 Bg5 30. Rf3 Be7 31. Qf1 h5 32. h3 Ba4 33. g4 hxg4 34. hxg4 fxg4 35. Rfg3 Bb3 36. Rxg4 Rxg4 37. Rxg4 Rxa2 38. Qh3 Ra1 39. Qh6 Rxc1+ 40. Kg2 Rc2+ 41. Kh3 Qf8 42. Qxe6+ Qf7 43. Qc8+ Bf8 44. Rf4 Qh5+ 45. Rh4 Qf3# 0-1

[Event "Elancourt op"]
[Site "Elancourt"]
[Date "2010.04.27"]
[Round "3"]
[White "Couradin, Jean Marie"]
[Black "Durez, Gerard"]
[Result "0-1"]
[WhiteElo "1733"]
[BlackElo "1628"]
[PlyCount "88"]
[EventDate "2010.04.25"]
[EventType "swiss"]
[EventRounds "9"]
[EventCountry "FRA"]
[SourceTitle "CBM 136 Extra"]
[Source "ChessBase"]
[SourceDate "2010.07.02"]
[SourceVersion "2"]
[SourceVersionDate "2010.07.15"]
[SourceQuality "1"]

1. e4 e5 2. Nf3 Nc6 3. Bb5 d6 4. 0-0 Nf6 5. d4 Bg4 6. d5 a6 7. dxc6 axb5 8. cxb7 Rb8 9. Qd3 Rxb7 10. Nc3 Qb8 11. Bg5 Nd7 12. b4 Be6 13. Nd2 f6 14. Be3 Be7 15. Nd5 c6 16. Nxe7 Kxe7 17. f4 Bf7 18. Qc3 Qc8 19. Nf3 h6 20. f5 Nb6 21. Bxb6 Rxb6 22. Rfd1 Rd8 23. g4 Rb7 24. h4 Rc7 25. Qe3 c5 26. a3 cxb4 27. axb4 Rdd7 28. Ne1 Rc3 29. Rd3 Rxd3 30. cxd3 Qc3 31. Ra7 Qxb4 32. Rxd7+ Kxd7 33. Qa7+ Ke8 34. Qb8+ Ke7 35. Qc7+ Kf8 36. Qc8+ Be8 37. Qc1 Qc5+ 38. Qxc5 dxc5 39. h5 b4 40. Nf3 Bb5 41. Ne1 b3 42. Nf3 Bxd3 43. Nd2 b2 44. Kf2 Bxe4 0-1

[Event "Avoine op 22nd"]
[Site "Avoine"]
[Date "2007.07.24"]
[Round "4"]
[White "Deslias, Gregoire"]
[Black "Durez, Gerard"]
[Result "1-0"]
[WhiteElo "1745"]
[BlackElo "1631"]
[PlyCount "35"]
[EventDate "2007.07.21"]
[EventType "swiss"]
[EventRounds "9"]
[EventCountry "FRA"]
[SourceTitle "EXT 2010"]
[Source "ChessBase"]
[SourceDate "2010.11.25"]
[SourceVersion "1"]
[SourceVersionDate "2010.11.25"]
[SourceQuality "1"]

1. d4 d5 2. c4 c6 3. Nc3 Nf6 4. Bg5 e6 5. e3 Be7 6. Nf3 Nbd7 7. Rc1 Nb6 8. b3 dxc4 9. bxc4 Nbd7 10. Bd3 c5 11. 0-0 0-0 12. Re1 cxd4 13. exd4 b6 14. Rb1 Re8 15. Qe2 Bb7 16. Ne5 Nf8 17. Red1 Kh8 18. Nxf7+ 1-0

[Event "Elancourt op"]
[Site "Elancourt"]
[Date "2005.04.24"]
[Round "2"]
[White "Baron, Romuald"]
[Black "Durez, Gerard"]
[Result "1-0"]
[WhiteElo "1973"]
[BlackElo "1530"]
[PlyCount "59"]
[EventDate "2005.04.23"]
[EventType "swiss"]
[EventRounds "9"]
[EventCountry "FRA"]
[SourceTitle "CBM 105 Extra"]
[Source "ChessBase"]
[SourceDate "2005.05.01"]
[SourceVersion "1"]
[SourceVersionDate "2005.05.01"]
[SourceQuality "1"]

1. d4 e6 2. c4 f5 3. Nf3 Nf6 4. e3 Be7 5. Bd3 c6 6. Nc3 0-0 7. Qc2 Na6 8. a3 Nc7 9. e4 fxe4 10. Nxe4 Nce8 11. Neg5 h6 12. Bh7+ Kh8 13. h4 Ng4 14. Bg8 Qa5+ 15. Bd2 Qf5 16. Qxf5 Rxf5 17. Bf7 Nd6 18. Bg6 Rf8 19. c5 Bxg5 20. hxg5 Nf5 21. Bxf5 exf5 22. gxh6 f4 23. hxg7+ Kxg7 24. Ne5 Nxe5 25. dxe5 b6 26. Bc3 Kg6 27. 0-0-0 bxc5 28. Rd6+ Kg5 29. f3 a6 30. Rdh6 1-0

[Event "Yvelines-ch"]
[Site "Fontenay le Fleury"]
[Date "2003.02.09"]
[Round "3.28"]
[White "Devulder, Olivier"]
[Black "Durez, Gerard"]
[Result "1-0"]
[WhiteElo "1640"]
[BlackElo "1350"]
[PlyCount "80"]
[EventDate "2003.02.17"]
[EventType "swiss"]
[EventRounds "7"]
[EventCountry "FRA"]
[SourceTitle "EXT 2004"]
[Source "ChessBase"]
[SourceDate "2003.11.25"]
[SourceVersion "1"]
[SourceVersionDate "2003.11.25"]
[SourceQuality "1"]

1. e4 c5 2. Nf3 Nc6 3. d4 cxd4 4. Nxd4 e6 5. Be2 Qb6 6. Nb5 Bc5 7. 0-0 Nge7 8. Nd6+ Bxd6 9. Qxd6 Nd4 10. Qxb6 Nxe2+ 11. Kh1 axb6 12. Be3 e5 13. Bxb6 Nf4 14. Nd2 0-0 15. Bc5 Re8 16. Nc4 Nc6 17. Rfd1 Re6 18. Nb6 Ra5 19. Ba3 Re8 20. Nxc8 Rxc8 21. Rxd7 b5 22. Rad1 Ne6 23. c3 Ra4 24. f3 h5 25. Rb7 Rb8 26. Rdd7 Rxb7 27. Rxb7 Na7 28. Kg1 g5 29. Kf2 Kg7 30. Ke3 Nd8 31. Rd7 Nac6 32. g3 Ra8 33. Kd3 Na5 34. Be7 Nac6 35. Bxg5 b4 36. Bxd8 Nxd8 37. cxb4 Nc6 38. a3 Nd4 39. f4 Ne6 40. fxe5 Nc5+ 1-0

[Event "Saint Quentin op 5th"]
[Site "Saint Quentin"]
[Date "2002.??.??"]
[Round "7"]
[White "Rivier, Kevin"]
[Black "Durez, Gerard"]
[Result "0-1"]
[WhiteElo "1020"]
[BlackElo "1460"]
[PlyCount "78"]
[EventDate "2002.04.21"]
[EventType "swiss"]
[EventRounds "9"]
[EventCountry "FRA"]
[SourceTitle "CBM 088 Extra"]
[Source "ChessBase"]
[SourceDate "2002.07.01"]
[SourceVersion "2"]
[SourceVersionDate "2002.07.01"]
[SourceQuality "1"]

1. e4 e5 2. Nf3 Nc6 3. d3 Nf6 4. Bg5 Be7 5. Nc3 d5 6. exd5 Nxd5 7. Nxd5 Qxd5 8. Bxe7 Nxe7 9. Be2 0-0 10. 0-0 b6 11. d4 e4 12. c4 Qd6 13. Ng5 Qg6 14. Qd2 Bb7 15. Rac1 c5 16. dxc5 Rad8 17. Qe3 Nf5 18. Qf4 Nd4 19. Rce1 h6 20. Nh3 bxc5 21. Qc7 Qc6 22. Qxc6 Bxc6 23. a3 a5 24. Rb1 Nxe2+ 25. Kh1 Rb8 26. Rfe1 Nd4 27. Nf4 a4 28. Nd5 Bxd5 29. cxd5 f5 30. Re3 Rfd8 31. f3 Rxd5 32. fxe4 Re5 33. b4 c4 34. h3 f4 35. Ree1 Nc2 36. Re2 Nxa3 37. Ra1 Nb5 38. Rxa4 c3 39. Kh2 Nd4 0-1

[Event "Saint Quentin op 5th"]
[Site "Saint Quentin"]
[Date "2002.??.??"]
[Round "4"]
[White "Rodriguez, Patrick"]
[Black "Durez, Gerard"]
[Result "1-0"]
[WhiteElo "1690"]
[BlackElo "1460"]
[PlyCount "79"]
[EventDate "2002.04.21"]
[EventType "swiss"]
[EventRounds "9"]
[EventCountry "FRA"]
[SourceTitle "CBM 088 Extra"]
[Source "ChessBase"]
[SourceDate "2002.07.01"]
[SourceVersion "2"]
[SourceVersionDate "2002.07.01"]
[SourceQuality "1"]

1. e4 e5 2. Nf3 d6 3. Bc4 Bg4 4. d3 Nc6 5. Bxf7+ Ke7 6. Bg5+ Nf6 7. Bxf6+ gxf6 8. Bd5 Nd4 9. Nbd2 c6 10. Bb3 h5 11. h3 Be6 12. Nxd4 Bxb3 13. N4xb3 d5 14. Nf3 Rg8 15. Nh4 Qe8 16. Nf5+ Ke6 17. Qf3 Qg6 18. Rg1 d4 19. Ng3 Bb4+ 20. Kd1 Kd6 21. Nxh5 Raf8 22. Ng3 Kc7 23. a3 Be7 24. Nf5 Bd6 25. Nd2 b5 26. a4 a6 27. axb5 axb5 28. Nxd6 Kxd6 29. Qf5 Qh6 30. Ra7 Rg7 31. Rxg7 Qxg7 32. Nf3 Ra8 33. Ke2 Ra2 34. Rb1 b4 35. h4 b3 36. cxb3 Kc5 37. Qe6 Kb6 38. b4 Qa7 39. Nd2 Qb7 40. Qxa2 1-0